• 首页
  • 本馆介绍
  • 公告通知
  • 最新文献
  • 馆藏检索
  • 电子资源
  • 读者导购
  • 参考咨询
  • 我的图书馆
  • 登录
  • 详细信息显示
  • 放入我的书架
  • 预约/预借图书
  • 作者相关作品
  • 分类相关作品
  • 丛书相关作品
  • 出版社相关作品

书目信息

  • 表格格式
  • 工作单格式
  • 卡片格式
题名:
教育实践的哲学
    
 
作者: 余清臣 著
分册:  
出版信息: 北京   北京师范大学出版社  2018
页数: 312页
开本: 25cm
丛书名: 教育原点丛书
单 册:
中图分类: G40-02
科图分类:
主题词: 教育哲学--Jiao Yu Zhe Xue
电子资源:
ISBN: 978-7-303-24009-8
000 01574nam 2200277 450
001 012001002509
005 20131029105619.0
010    @a978-7-303-24009-8@b精装@dCNY48.00
099    @aCAL 012018200044
100    @a20181102d2018 ekmy0chiy50 ea
101 0  @achi
102    @aCN@b110000
105    @ay z 000yy
106    @ar
200 1  @a教育实践的哲学@AJiao Yu Shi Jian De Zhe Xue@d= Philosophy of educational practice@f余清臣著@zeng
210    @a北京@c北京师范大学出版社@d2018
215    @a312页@d25cm
225 2  @a教育原点丛书@AJiao Yu Yuan Dian Cong Shu
330    @a《教育实践的哲学》一书立足于北京师范大学教育学部为教育学原理硕博士生开设的《教育实践的哲学》课程, 本课程至今已经开设四年, 目前属于本领域国内外的前沿探索。本书主要应对教育学专业的本硕博学生、大中小幼教育工作者对教育实践普遍缺乏深刻且整体理解的问题, 这个问题从根本上造成了他们既不能洞察教育实践又不能明智实施教育实践的问题。本书的基本思路是使用哲学的思维方式汇聚各个学科关于教育实践及其要求的认识, 以修炼对教育实践的高位目光和普遍视野, 从而内在地促使教育实践智慧的生成。本书的主要章节有: 教育实践的哲学观看、教育实践、人性与利益、空间、时间、权力与影响力、策略。在章节编排上, 本书打破以往模式, 不编号, 直接使用核心观点作为二三级标题。在文字风格上, 本书力求思想性和可读性的深度统一, 力求使用叙述风格的语言阐释深入的理解。
410  0 @12001 @a教育原点丛书
510 1  @aPhilosophy of educational practice@zeng
606 0  @a教育哲学@AJiao Yu Zhe Xue
690    @aG40-02@v5
701  0 @a余清臣@AYu Qing Chen@4著
801  0 @aCN@b江苏凤凰@c20191020
905    @b1229313-6@dG40-02@e1029@f4
    
    教育实践的哲学= Philosophy of educational practice/余清臣著.-北京:北京师范大学出版社,2018
    312页;25cm.-(教育原点丛书)
    
    
    ISBN 978-7-303-24009-8(精装):CNY48.00
    《教育实践的哲学》一书立足于北京师范大学教育学部为教育学原理硕博士生开设的《教育实践的哲学》课程, 本课程至今已经开设四年, 目前属于本领域国内外的前沿探索。本书主要应对教育学专业的本硕博学生、大中小幼教育工作者对教育实践普遍缺乏深刻且整体理解的问题, 这个问题从根本上造成了他们既不能洞察教育实践又不能明智实施教育实践的问题。本书的基本思路是使用哲学的思维方式汇聚各个学科关于教育实践及其要求的认识, 以修炼对教育实践的高位目光和普遍视野, 从而内在地促使教育实践智慧的生成。本书的主要章节有: 教育实践的哲学观看、教育实践、人性与利益、空间、时间、权力与影响力、策略。在章节编排上, 本书打破以往模式, 不编号, 直接使用核心观点作为二三级标题。在文字风格上, 本书力求思想性和可读性的深度统一, 力求使用叙述风格的语言阐释深入的理解。
●
相关链接 在E读中查询图书 在五车中查询图书 在当当中查询图书 在豆瓣中查询图书


正题名:教育实践的哲学     索取号:G40-02/1029         预约/预借

序号 登录号 条形码 馆藏地/架位号 状态 备注
1 1229313   212293132   第一样本阅览室/ [索取号:G40-02/1029] 在馆    
2 1229314   212293141   教育系资料室/ [索取号:G40-02/1029] 在馆    
3 1229315   212293150   教育系资料室/ [索取号:G40-02/1029] 在馆    
4 1229316   212293169   第四借阅区/ [索取号:G40-02/1029] 在馆    
唐山师范学院图书馆 欢迎您!
大连网信软件有限公司© 版权所有